000 00518nam a22001697a 4500
999 _c8375
_d8375
008 201117b ||||| |||| 00| 0 eng d
040 _aBMS College of Architecture
100 _aB D, Rithu
245 _aSamraksha To foster autistic minds
300 _a38p.
500 _a1BM15AT081
502 _8B,Arch
_NBMS College of Architecture, Visvesvaraya Technological University
_aProject report
_d2019
650 _aMinds
700 _aAparna Raveendran
_eGuide
700 _aManohar Walvekar
_eGuide
942 _2ddc
_cTHE